Numerical methods in chemical engineering / (Record no. 39140)

MARC details
000 -LEADER
fixed length control field 00790nam a22002177a 4500
005 - DATE AND TIME OF LATEST TRANSACTION
control field 20100804113554.0
010 ## - LCCN (DPL NO)
LC control number ENG-98067
020 ## - INTERNATIONAL STANDARD BOOK NUMBER
International Standard Book Number 9788120340183
Terms of availability 275.00
035 ## - SYSTEM CONTROL NUMBER
System control number EN-81600
037 ## - SOURCE OF ACQUISITION
Source of stock number/acquisition DBAD/PUB
082 ## - DEWEY DECIMAL CLASSIFICATION NUMBER
Classification number 660.0151
100 ## - MAIN ENTRY--PERSONAL NAME
Personal name Ahuja,Pradeep
245 ## - TITLE STATEMENT
Title Numerical methods in chemical engineering /
Statement of responsibility, etc by Pradeep Ahuja
260 ## - PUBLICATION, DISTRIBUTION, ETC. (IMPRINT)
Place of publication, distribution, etc New Delhi
Name of publisher, distributor, etc PHI Learning
Date of publication, distribution, etc 2010
270 ## - ADDRESS
Address M-97, Connaught Circus
City New Delhi
Postal code 110001
300 ## - PHYSICAL DESCRIPTION
Extent xiii,289p
Dimensions 24cm(pbk)
500 ## - GENERAL NOTE
General note includes bibliographical references and index
650 ## - SUBJECT ADDED ENTRY--TOPICAL TERM
Topical term or geographic name as entry element chemical Engineering
942 ## - ADDED ENTRY ELEMENTS (KOHA)
Source of classification or shelving scheme Dewey Decimal Classification
Item type English Books
Classification part 660.0151
Call number suffix AHU
Holdings
Withdrawn status Lost status Not for loan Collection code Home library Current library Date acquired Source of acquisition Cost, normal purchase price Full call number Barcode Copy number Cost, replacement price Koha item type
    Not For Loan Non-fiction D.B.Act.Division D.B.Act.Division 04/08/2010 DBAD/PUB 275.00 660.0151 AHU EN-81600 1 275.00 English Books

© Delhi Public Library
Hit Counter
free hit counter